| Поле | Название | Значение |
| |
Тип записи |
a |
| |
Библиографический уровень |
m |
| 001 |
Контрольный номер |
973fdf278f4a4ba889558afd31976f5c |
| 005 |
Дата корректировки |
20160726101747.5 |
| 010 |
Индекс ISBN |
__ |
| a |
ISBN |
978-5-222-21364-3 |
| 101 |
Язык документа |
0_ |
| a |
Язык текста |
rus |
| 102 |
Страна публикации |
__ |
| a |
Страна публикации |
RU |
| 200 |
Заглавие и сведения об ответственности |
1_ |
| a |
Заглавие |
Оптимизация налогов |
| f |
Первые сведения об ответственности |
Е. В. Шестакова |
| b |
Общее обозначение материала |
Текст |
| 210 |
Выходные данные |
1_ |
| c |
Издательство |
Феникс |
| a |
Место издания |
Ростов н/Д |
| d |
Дата издания |
2013 |
| 215 |
Физическое описание |
__ |
| a |
Объем |
331, [1] с. |
| 225 |
Серия |
2_ |
| a |
Серия |
Библиотека бухгалтера |
| 610 |
Ключевые слова |
0_ |
| a |
Ключевые слова |
налоговый учет |
| a |
Ключевые слова |
оптимизация |
| a |
Ключевые слова |
налог на доходы |
| 610 |
Ключевые слова |
0_ |
| a |
Ключевые слова |
налоговые режимы |
| 610 |
Ключевые слова |
0_ |
| a |
Ключевые слова |
налогообложение |
| 610 |
Ключевые слова |
0_ |
| a |
Ключевые слова |
единый налог |
| 610 |
Ключевые слова |
0_ |
| a |
Ключевые слова |
страховые взносы |
| 686 |
Индексы других классификаций |
__ |
| a |
Классификационный индекс |
65.052.9(2)261.413 |
| 2 |
Код системы |
rubbk |
| 700 |
Автор |
_1 |
| a |
Фамилия |
Шестакова |
| b |
Имя |
Е. В. |
| g |
Полное личное имя |
Екатерина Владимировна |
| 801 |
Источник записи |
_0 |
| a |
Страна |
RU |
| b |
Организация |
РУК |
| c |
Дата составления |
20160726 |
| g |
Правила каталогизации |
PSBO |
| 801 |
Источник записи |
_1 |
| a |
Страна |
RU |
| b |
Организация |
РУК |
| g |
Правила каталогизации |
PSBO |
| 852 |
Данные о местонахождении |
__ |
| i |
Авторский знак |
Ш 51 |
| j |
Шифр хранения |
ББК 65.052 |
| 901 |
Тип документа |
__ |
| t |
Тип документа |
m |
| 937 |
Технологическая информация |
__ |
| a |
Создатель записи (имя) |
Мясникова |
| 938 |
Служебная информация |
__ |
| a |
Название организации |
Головной вуз |
| 952 |
Тип литературы |
__ |
| c |
Вид литературы |
учебное пособие |